Wheel of Time characters with V and W initials - Statistics

General Stats
  • This quiz has been taken 48 times
  • The average score is 9 of 20
Answer Stats
Hint Answer % Correct
VL The owner of a circus Valan Luca
95%
WC The husband of Daise, who succeeded Nynaeve as Wisdom Wit Congar
95%
VN An Aes Sedai of the Green Ajah who retired with her sister Vandene Namelle
90%
VC The sister of the man who called himself Bors Vanora Carridin
71%
WA A Malkieri merchant who followed Lan Weilin Aldragoran
71%
WS A Darkfriend High Lord of Tear Weiramon Saniago
71%
WT One of the wolves in Leafhunter’s pack White Tail
67%
VB A Saldaean under-lieutenant sworn to Davram Bashere Vilnar Barada
62%
WR A Redarm killed by the gholam in the camp near Caemlyn Will Reeve
52%
VZ An Aes Sedai and Sitter of the Gray Ajah Varilin Zanaire
43%
WL A Two Rivers boy who announced to Perrin that Lord Luc was coming Win Lewin
33%
VS An Aes Sedai of the Red Ajah who escaped Dumai's Wells Valene Sural
29%
VG An Aes Sedai of the Brown Ajah killed by the Black Ajah Valera Gorovni
24%
WK An Asha'man Turned to the Shadow Welyn Kajima
19%
VK The Darkfriend Warder of Careane Fransi Venr Kosaan
14%
VM The Lord of Canluum Varan Marcasiev
10%
VT A Darkfriend and Lord of Maradon during Tenobia's absence Vram Torkumen
10%
WO One of the First Twelve of the Atha'an Miere Wallein din Onill
10%
WM A writer who influenced Shivena Kayenzi Willim of Maneches
10%
WE A Two Rivers man who painted his wagon in a way pleasing to Rand Whatley Eldin
5%
No matching quizzes found
Score Distribution
Percent of People with Each Score
Percentile by Number Answered
Your Score History
You have not taken this quiz